000 00341nam a2200133Ia 4500
008 240624s9999 xx 000 0 und d
041 _aeng
082 _a155.25 WIN
100 _aWINSTANLEY DIANNA
245 _aPERSONAL EFFECTIVENESS
260 _c2009
_aNew Delhi
_bExcel Books
300 _axviii, : 237 : p. : cm. ; 24
365 _cRS
_b30
999 _c14718
_d14718